=LDR 00000nam 2200000 4500 =001 000827 =005 20250712121003 =035 ##$$a 0010-0725000698 =007 ta =008 250712################a##########0#ind## =020 ##$$a 978-623-118-789-5 =082 ##$$a 398.209 598 =084 ##$$a 398.209 598 ASM t =100 #$$a Asmalia, Esti =245 1#$$a Tongkat untuk Rori /$c Esti asmalia =250 ##$$a Cetakan pertama =260 ##$$a Jakarta :$b Kemendikbud,$c 2023 =300 ##$$a 28 hlm. : $b Ilus. ; $c 29,7 cm =650 #4$$a Cerita anak-indonesia =650 #4$$a Kesusastraan anak